Australian Desert Map Quiz - Statistics

General Stats
  • This quiz has been taken 146 times
  • The average score is 5 of 10
Answers on the Map
Answers color-coded by a green-red scale on the quiz's map according to % correct below.
 
Answer Stats
Answer % Correct
Great Victoria Desert
79%
Great Sandy Desert
67%
Little Sandy Desert
64%
Simpson Desert
61%
Gibson Desert
48%
Tanami Desert
39%
Tirari Desert
33%
Sturt Stony Desert
24%
Pedirka Desert
21%
Strzelecki Desert
21%
No matching quizzes found
Score Distribution
Percent of People with Each Score
Percentile by Number Answered
Your Score History
You have not taken this quiz